| 000 -CABECERA |
| fixed length control field |
01385nam a22002537i 4500 |
| 003 - IDENTIFICADOR DEL NÚMERO DE CONTROL |
| control field |
AR-CdUCM |
| 008 - DATOS DE LONGITUD FIJA--INFORMACIÓN GENERAL |
| fixed length control field |
240918b20182018 peado|| |||| 00| 0 spa d |
| 040 ## - FUENTE DE LA CATALOGACIÓN |
| Agencia/entidad que catalogó originalmente la obra |
MUNICIPALIDAD PROVINCIAL DEL CUSCO |
| Entidad que transcribió la catalogación |
BIBLIOTECA MUNICIPAL DEL CUSCO |
| 082 ## - NÚMERO DE LA CLASIFICACIÓN DECIMAL DEWEY |
| No. de la edición |
Primera edición |
| No. de Clasificación |
658.8 / M43 |
| Notacion interna |
M43 |
| 100 ## - ENTRADA PRINCIPAL--NOMBRE DE PERSONA |
| Nombre Personal |
Mercado Zegarra, Leopoldo |
| 245 ## - MENCIÓN DE TÍTULO |
| Título |
Marketing Fundamental / |
| 260 ## - PUBLICACIÓN, DISTRIBUCIÓN, ETC. |
| Lugar de publicación, distribución, etc. |
Cusco : |
| Nombre de la editorial, distribuidor, etc. |
InSigth Editores E.I.R.L. |
| Fecha de publicación, distribución, etc. |
2018 |
| 300 ## - DESCRIPCIÓN FÍSICA |
| Nº de Páginas Extensión |
211 páginas. : |
| Dimensiones |
26 cm. |
| 500 ## - NOTA GENERAL |
| Bibliografía |
Bibliografía: página 215 |
| 505 ## - NOTA DE CONTENIDO CON FORMATO |
| Nota de contenido formateada |
Introducción al marketing -- Carencias -- Necesidad -- Deseo -- Demanda -- Pirámide de Maslow -- Satisfactor -- Productos, servicios -- Experiencia -- Valor -- Emprendimiento -- Visión general del marketing -- Orientación empresarial a la producción -- ¿Qué es el Marketing? -- Marketing del siglo 21 -- Evolución del Marketing -- Etapa de la autosuficiencia económica -- Etapa del trueque -- Etapa de los mercados locos -- Etapa de la revolución industrial y su influencia en el desarrollo del mercadeo -- Etapa de producción en masa -- Marketing en el siglo XXI -- Marketing Holístico |
| 650 ## - PUNTO DE ACCESO ADICIONAL DE MATERIA--TÉRMINO DE MATERIA |
| Descriptor |
Marketing |
| 9 (RLIN) |
12422 |
| 650 ## - PUNTO DE ACCESO ADICIONAL DE MATERIA--TÉRMINO DE MATERIA |
| Descriptor |
Planificación estratégica |
| 9 (RLIN) |
12711 |
| 650 ## - PUNTO DE ACCESO ADICIONAL DE MATERIA--TÉRMINO DE MATERIA |
| Descriptor |
Matriz FODA |
| 9 (RLIN) |
50532 |
| 650 ## - PUNTO DE ACCESO ADICIONAL DE MATERIA--TÉRMINO DE MATERIA |
| Descriptor |
Tics y marketing |
| 9 (RLIN) |
50533 |
| 650 ## - PUNTO DE ACCESO ADICIONAL DE MATERIA--TÉRMINO DE MATERIA |
| Descriptor |
Marketing mix |
| 9 (RLIN) |
50534 |
| 942 ## - ELEMENTOS DE PUNTO DE ACCESO ADICIONAL (KOHA) |
| Fuente de clasificación |
|
| Tipo de item |
Libros-BMC |
| 945 ## - PROCESAMIENTO DE INFORMACIÓN LOCAL (OCLC) |
| Catalogador |
pbj |
| AAAA-MM-DD - Fecha de ingreso o modificacion |
2024/09/18 |